| 000 | 00361nam a22001457a 4500 | ||
|---|---|---|---|
| 008 | 250228b |||||||| |||| 00| 0 eng d | ||
| 020 | _a9780323078276 | ||
| 050 |
_aRT120 _b.S44 |
||
| 100 | _aHammond, Belinda B | ||
| 245 | _aSheehy's Manual of Emergency Care | ||
| 250 | _a7th | ||
| 260 |
_aSt.louis _bElsevier Mosby _c2013 |
||
| 300 | _axxii,632p | ||
| 942 | _cBK | ||
| 999 |
_c2022 _d2022 |
||